000 00632nam a22002297a 4500
003 UA-OsUOA
001 127278
007 ta
008 20171123b un ||||| |||| 00| 0 ukr d
100 _aХайнесен В.
090 _a821.161.1
_bХ15
942 _cBK
040 _aUA-OsUOA
_brus
_cUA-OsUOA
_dUA-OsUOA
245 _aЧерный котел. Пропащие музыканты
_bроманы
300 _a528 с.
955 _a3
041 _arus
080 _a821.161.1
260 _aМ.
_bПрогресс
_c1974
650 7 _a82 Література. Літературознавство
_2UDC
999 _c414427
_d414427